El padre Román: religioso asuncionista, cura párroco, director de almas

Salvato in:
Dettagli Bibliografici
Autore principale: Luchia Puig, Agustín (autor)
Natura: Libro
Lingua:spagnolo
Pubblicazione: Buenos Aires Difusión 1949
Soggetti:
Tags: Aggiungi Tag
Nessun Tag, puoi essere il primo ad aggiungerne!!

MARC

LEADER 00000nam a2200000 a 4500
001 UCH2926
003 CL-VaPUC
008 090709e19490000AG |||||||||||||||||spa|d
082 0 4 |a 922.2  |b LUC  |2 21 
100 |a Luchia Puig, Agustín  |e autor  |9 538005 
245 1 3 |a El padre Román: religioso asuncionista, cura párroco, director de almas 
300 |a 223 p 
942 |c BK 
945 |d 20090709 00:00:00  |a rbrito 
260 |a Buenos Aires  |b Difusión  |c 1949 
600 0 7 |a HEITMANN, ROMAN  |2 CL-VaPUC  |9 538006 
650 0 |a Biografías  |9 255210 
650 0 |a Sacerdotes   |9 315705 
650 0 |a Asuncionistas   |9 478082 
583 |a last modification  |c 20090709 00:00:00  |k Rodrigo Vera 
999 |c 334586  |d 334584 
952 |0 0  |1 0  |4 0  |6 922_200000000000000_LUC_1949  |7 0  |8 X  |9 423697  |a FDOBUD  |b FDOBUD  |d 2019-11-22  |i 4566769  |o 922.2 LUC 1949  |p 4566769  |r 2019-11-22  |w 2019-11-22  |y BK_X  |k BUD